• 首页
  • 本馆介绍
  • 公告通知
  • 最新文献
  • 馆藏检索
  • 电子资源
  • 读者导购
  • 参考咨询
  • 我的图书馆
  • 登录
  • 详细信息显示
  • 放入我的书架
  • 预约/预借图书
  • 作者相关作品
  • 分类相关作品
  • 丛书相关作品
  • 出版社相关作品

书目信息

  • 表格格式
  • 工作单格式
  • 卡片格式
题名:
毛泽东家事图系
    
 
作者: 张民 , 胡长明 主编
分册: 上  
出版信息: 北京   中央文献出版社  2003.12
页数: 427页
开本: 21cm
丛书名:
单 册:
中图分类: A755 , K820.9
科图分类:
主题词:
电子资源:
ISBN: 7-5073-1546-0
000 00883nam0 2200265 450
000 00916nam0 2200277 450
000 00849nam0 2200253 450
000 00812nam0 2200241 45
005 20070606080058.54
010    @a7-5073-1546-0@dCNY29.50
100    @a20051101d2003 ekmy0chiy0120 ea
101 0  @achi
102    @aCN@b110000
105    @aa z 000yd
200 1  @a毛泽东家事图系@AMao Ze Dong Jia Shi Tu Xi@f张民,胡长明主编@FZhang Min, Hu Chang Ming Zhu Bian@h上
210    @a北京@c中央文献出版社@d2003.12
215    @a427页@c照片@d21cm
330    @a本书追溯了毛泽东家事渊源,实录了毛泽东与百余位亲属的交往事迹。书中还配有近400幅图片。
600  0 @a毛泽东@f(1893~1976)@x家族@x简介
690    @aA755@v4
690    @aK820.9@v4
701  0 @a张民@AZhang Min@4主编
701  0 @a胡长明@AHu Chang Ming@4主编
801  0 @aCN@bFYSX@c20070606
905    @a10447@dA755@e189:1
    
    毛泽东家事图系/张民,胡长明主编.上.-北京:中央文献出版社,2003.12
    427页:照片;21cm
    
    
    ISBN 7-5073-1546-0:CNY29.50
    本书追溯了毛泽东家事渊源,实录了毛泽东与百余位亲属的交往事迹。书中还配有近400幅图片。
●
相关链接 在E读中查询图书 在五车中查询图书 在当当中查询图书 在豆瓣中查询图书


正题名:毛泽东家事图系     索取号:A755/189:1         预约/预借

序号 登录号 条形码 馆藏地/架位号 状态 备注
1 0510241   205102413   第一样本阅览室/ [索取号:A755/189:1] 在馆    
2 0510242   205102422   密集书库/ [索取号:A755/189:1] 在馆    
3 0510243   205102431   密集书库/ [索取号:A755/189:1] 在馆    
4 0510244   205102440   密集书库/ [索取号:A755/189:1] 在馆    
5 0510245   205102459   密集书库/ [索取号:A755/189:1] 在馆    
6 0510246   205102468   密集书库/ [索取号:A755/189:1] 在馆    
7 0510247   205102477   密集书库/ [索取号:A755/189:1] 在馆    
8 0510248   205102486   密集书库/ [索取号:A755/189:1] 在馆    
唐山师范学院图书馆 欢迎您!
大连网信软件有限公司© 版权所有